La persistencia de la memoria: reflexiones de un civil sobre la Dictadura
-д хадгалсан:
| Үндсэн зохиолч: | |
|---|---|
| Формат: | Ном |
| Хэл сонгох: | испани |
| Хэвлэсэн: |
Santiago, Chile
Ril
2000
|
| Нөхцлүүд: | |
| Шошгууд: |
Шошго нэмэх
Шошго байхгүй, Энэхүү баримтыг шошголох эхний хүн болох!
|
MARC
| LEADER | 00000nam a2200000 a 4500 | ||
|---|---|---|---|
| 001 | UCN3910 | ||
| 003 | CL-VaPUC | ||
| 005 | 20241213123345.0 | ||
| 008 | 010713e20000000CL |||||||||||||||||spa|d | ||
| 999 | |c 296576 |d 296574 | ||
| 040 | |c Pontificia Universidad Católica de Valparaíso | ||
| 082 | 0 | 4 | |a 983.065 GAZ 2000 |2 21 |
| 100 | |a Gazmuri Riveros, Cristián |e autor |9 617185 | ||
| 245 | 1 | 3 | |a La persistencia de la memoria: |b reflexiones de un civil sobre la Dictadura |
| 260 | |a Santiago, Chile |b Ril |c 2000 | ||
| 300 | |a 156 páginas | ||
| 583 | |a last modification |c 20180125 10:55:09 |k Rodrigo Vera | ||
| 650 | 0 | |a Historia contemporánea |z CHILE |9 343224 | |
| 650 | 0 | |a Dictadura militar |z CHILE |9 389291 | |
| 942 | |c BK |2 ddc | ||
| 945 | |d 20010713 00:00:00 |a cmena | ||
| 952 | |0 0 |1 0 |2 ddc |4 0 |6 983_065000000000000_GAZ_2000 |7 0 |8 A |9 350472 |a BIBHIS |b BIBHIS |d 2019-11-20 |i 3709787 |l 2 |o 983.065 GAZ 2000 |p 3709787 |r 2025-01-20 |s 2024-10-03 |t 1 |w 2019-11-20 |y BK |k HIS | ||